00944nam a2200229Ia 4500020001500000040000800015082002600023245006600049260003800115300003100153490002800184500006900212500007800281500003600359500008100395650003200476650001500508710002000523942000700543999001700550952014700567 a9211195497 cDLC a333 UNI 1989 A066 Or.00aGuidelines for the preparation of national master water plans aNew York :bUnited Nations,c1989 ax, 163 p. :bill. ;c30 cm1 aWater resources series, aSpine title: Water resources development in Asia and the Pacific aAt head of title: Economic and Social Commission for Asia and the Pacific a"ST/ESCAP/SER.F/65"--T.p. verso a"United Nations Publication Sales No.E.89.II.F.17"--T.p. verso. Screen 2 o 0aWater resources development 0aIrrigation2 aUnited Nations. cEK c14218d14218 0010406333_000000000000000_UNI_1989_A066_OR70966196aLBAbLBAcA066d2017-10-10o333 UNI 1989 A066 Or.pA17580r2017-10-10w2017-10-10yEK